000 00705nam a2200217Ii 4500
003 JO-AjNU
008 230605s9999||||xx |||||||||||||| ||und||
017 _a1985/1373
040 _aJO-AjNU
_bara
_erda
_cJO-AjNU
041 _aara
050 1 4 _aJX1391.D3256.1985
100 3 _a الدباغ ، ضرغام عبدالله ,
_eauthor
_910050
245 0 0 _aقوة العمل الدبلوماسي في السياسة
250 _aط1
264 3 1 _aبغداد : دار آفاق ، 1985
300 _a141ص
336 _atext
_btxt
_2rdacontent
337 _aunmediated
_bn
_2rdamedia
338 _avolume
_bnc
_2rdacarrier
650 4 _aعلاقات دبلوماسية -- علاقات سياسية
_910051
999 _aA1611
_c5179
_d5179